Statistiques concernant Pays qui commencent par la lettre M

Cliquez ici pour prendre le quiz!

Statistiques générales

  • Ce quiz a été pris 853 fois
  • Le résultat moyen est 11 sur 18

Statistiques - réponses

Réponse% Correct
Maroc
83%
Mauritanie
80%
Mali
75%
Madagascar
74%
Mexique
69%
Mongolie
64%
Mozambique
64%
Malaisie
63%
Macédoine
62%
Malte
60%
Moldavie
60%
Maldives
57%
Monaco
57%
Montenegro
57%
Malawi
51%
Maurice
51%
Micronesie
35%
Myanmar
21%

Distribution des résultats

Percentile par nombre de réponses

% des personnes avec chaque résultat

Votre développement - résultats

Vous n’avez pas pris ce quiz